|
|
|
|
| LEADER |
00000nab a2200000 ar4500 |
| 001 |
vtls009969697 |
| 003 |
SK-MaSNL |
| 005 |
20260426105558.0 |
| 008 |
091113|2008 xo |||||||||||100 b|slo |
| 015 |
|
|
|a SNBRA2009/11
|2 snkbucl
|
| 038 |
|
|
|a SNKBUCL
|
| 040 |
|
|
|a SNKBUCL
|b slo
|c SNKBUCL
|e AACR2
|
| 041 |
0 |
|
|a slo
|
| 044 |
|
|
|a xo
|c SK
|
| 080 |
|
|
|a 628.1/.2:338.532.42
|x (437.6)
|2 2001
|
| 080 |
|
|
|a 628.2
|2 2001
|
| 080 |
|
|
|a 338.532.42
|2 2001
|
| 080 |
|
|
|a 351.778.3
|2 2001
|
| 080 |
|
|
|a 351.777.612
|2 2001
|
| 100 |
1 |
|
|a Bujnová, Alena
|4 aut
|9 781412
|
| 245 |
1 |
0 |
|a Zákon o regulácii v sieťových odvetviach a súvisiace právne predpisy
|c A. Bujnová
|
| 650 |
0 |
7 |
|a verejné vodovody
|2 snkbucl
|9 1056089
|
| 650 |
0 |
7 |
|a verejné kanalizácie
|2 snkbucl
|9 390135
|
| 650 |
0 |
7 |
|a sieťové odvetvia
|2 snkbucl
|9 739137
|
| 650 |
0 |
7 |
|a cenová regulácia
|2 snkbucl
|9 73170
|
| 650 |
0 |
7 |
|a právne predpisy
|2 snkbucl
|9 1155
|
| 651 |
|
7 |
|a Slovensko
|2 snkbucl
|9 14231
|
| 773 |
0 |
|
|t AQUA 2008
|d Bratislava : Slovenská technická univerzita, 2008
|g S. 29-38
|z 9788022729451
|
| 852 |
|
|
|a Slovenská národná knižnica
|
| 958 |
|
|
|a SK
|
| 999 |
|
|
|c 3354913
|d 3356843
|